| 000 | 00554nam a2200193 a 4500 | ||
|---|---|---|---|
| 005 | 20240910064110.0 | ||
| 008 | 090608s2004 cr r 000 0 spa d | ||
| 020 | _a9968151386 | ||
| 035 | _aUPN01000171050 | ||
| 049 | _aI | ||
| 050 | 4 |
_aPZ71.1 _bR5.5 |
|
| 100 | 1 |
_aRíos, Lara, _d1934- _930133 |
|
| 245 | 1 | 3 |
_aLa música de Paul / _cLara Ríos ; il. Vicky Ramos. |
| 260 |
_aSan José, C.R. : _bFarben, _cc2004. |
||
| 300 |
_a69 p. : _bil. col. |
||
| 650 | 7 |
_aAmistad _2 _94317 |
|
| 650 | 4 |
_aLITERATURA INFANTIL COSTARRICENSE _911945 |
|
| 905 | _aInfantil | ||
| 999 |
_c143155 _d143155 |
||